| 000 | 01190 a2200241 4500 | ||
|---|---|---|---|
| 001 | 45483 | ||
| 005 | 20260407155727.0 | ||
| 008 | 260407a2010 arg spa d | ||
| 003 | AR-UNSa-BCEJYS | ||
| 040 |
_aAR-UNSa-BCEJYS _bspa _cAR-UNSa-BCEJYS |
||
| 080 |
_a304.4(82) _xAspectos generales de las políticas y prácticas sociales y culturales en Argentina (política social) |
||
| 245 | 1 | 0 |
_aInversión pública social en infancia y adolescencia _pun análisis institucional y presupuestario para el municipio de Morón |
| 020 | _a978-987-1479-30-6 | ||
| 264 | 1 |
_aBuenos Aires : _bCIPPEC _c2010 |
|
| 300 |
_a77 p. _c23 cm |
||
| 505 | _a1. Caracterización institucional del sistema de protección y promoción de derechos de los niños, niñas y adolescentes en el municipio de Morón - 2. Análisis de la inversión pública social del municipio de Morón en infancia y adolescencia - 3. Reflexiones finales: desafíos pendientes. | ||
| 041 | _aspa | ||
| 942 | _cBK | ||
| 590 | _aniveau_biblio:m niveau_hierar:0 | ||
| 100 | 1 | _aMarazzi, Vanesa | |
| 700 | 1 | _aOlaviaga, Sofía | |
| 856 | 4 | 1 |
_uhttps://www.biblioeco.unsa.edu.ar/pmb/images/libros/L127115.jpg _yImagen de portada _qimage/jpeg |
| 999 |
_c3936 _d3936 |
||